The lineman's and cableman's handbook / (Record no. 60705)
[ view plain ]
| 000 -LEADER | |
|---|---|
| fixed length control field | 01157pam a2200301 a 4500 |
| 001 - CONTROL NUMBER | |
| control field | 3805433 |
| 003 - CONTROL NUMBER IDENTIFIER | |
| control field | NUST-PNEC |
| 005 - DATE AND TIME OF LATEST TRANSACTION | |
| control field | 20170116180705.0 |
| 008 - FIXED-LENGTH DATA ELEMENTS--GENERAL INFORMATION | |
| fixed length control field | 850712s1986 nyua 001 0 eng |
| 010 ## - LIBRARY OF CONGRESS CONTROL NUMBER | |
| LC control number | 85017120 |
| 020 ## - INTERNATIONAL STANDARD BOOK NUMBER | |
| International Standard Book Number | 0070356866 |
| 040 ## - CATALOGING SOURCE | |
| Original cataloging agency | DLC |
| Transcribing agency | PNEC |
| Modifying agency | DLC |
| 050 00 - LIBRARY OF CONGRESS CALL NUMBER | |
| Classification number | TK3221 |
| Item number | .K83 1986 |
| 082 00 - DEWEY DECIMAL CLASSIFICATION NUMBER | |
| Classification number | 621.31922 KUR |
| 100 1# - MAIN ENTRY--PERSONAL NAME | |
| Personal name | Kurtz, Edwin Bernard, |
| Dates associated with a name | 1894- |
| 245 14 - TITLE STATEMENT | |
| Title | The lineman's and cableman's handbook / |
| Statement of responsibility, etc. | Edwin B. Kurtz, Thomas M. Shoemaker. |
| 250 ## - EDITION STATEMENT | |
| Edition statement | 7th ed. |
| 260 ## - PUBLICATION, DISTRIBUTION, ETC. | |
| Place of publication, distribution, etc. | New York : |
| Name of publisher, distributor, etc. | McGraw-Hill Book, |
| Date of publication, distribution, etc. | c1986. |
| 300 ## - PHYSICAL DESCRIPTION | |
| Extent | 1 v. (various pagings) : |
| Other physical details | ill. ; |
| Dimensions | 24 cm. |
| 500 ## - GENERAL NOTE | |
| General note | Issues for 2007- cataloged as a serial in LC. |
| Institution to which field applies | DLC |
| 500 ## - GENERAL NOTE | |
| General note | Includes index. http://www.amazon.com/Linemans-Cablemans-Handbook-Edwin-Bernard/dp/0070356866/ref=sr_1_1?s=books&ie=UTF8&qid=1411208339&sr=1-1&keywords=0070356866 |
| 650 #0 - SUBJECT ADDED ENTRY--TOPICAL TERM | |
| Topical term or geographic name entry element | Electric lines |
| General subdivision | Handbooks, manuals, etc. - EE, EL |
| 650 #0 - SUBJECT ADDED ENTRY--TOPICAL TERM | |
| Topical term or geographic name entry element | Electric cables |
| General subdivision | Handbooks, manuals, etc. |
| 700 1# - ADDED ENTRY--PERSONAL NAME | |
| Personal name | Shoemaker, Thomas M., |
| Dates associated with a name | 1921- |
| 906 ## - LOCAL DATA ELEMENT F, LDF (RLIN) | |
| a | 7 |
| b | cbc |
| c | orignew |
| d | 1 |
| e | ocip |
| f | 19 |
| g | y-gencatlg |
| 942 ## - ADDED ENTRY ELEMENTS (KOHA) | |
| Source of classification or shelving scheme | |
| Koha item type | Book |
| Withdrawn status | Lost status | Source of classification or shelving scheme | Damaged status | Not for loan | Permanent Location | Current Location | Shelving location | Date acquired | Source of acquisition | Cost, normal purchase price | Total Checkouts | Full call number | Barcode | Date last seen | Cost, replacement price | Price effective from | Koha item type |
|---|---|---|---|---|---|---|---|---|---|---|---|---|---|---|---|---|---|
| Pakistan Navy Engineering College (PNEC) | Pakistan Navy Engineering College (PNEC) | Reference | 03/08/2008 | Royal Books Company | 1452.20 | 621.31922 KUR | PNECLIB-011986 | 09/29/2014 | 1452.20 | 03/08/2008 | Book |
